Language Quiz

Random Language or Blitz Quiz

Beginning of the END Minefield Quiz Stats

 Plays Quiz Updated Jun 8, 2015

Also try: Add a 'CON'
Challenge
Share
Tweet
Embed
Score 0/10 Timer 00:30
3 Plays Today
% Correct
???
94.3%
???
84.1%
???
83.5%
???
82%
???
81.8%
???
80.9%
???
72.3%
???
70%
???
63.5%
???
47%

You're not logged in!

Compare scores with friends on all Sporcle quizzes.
OR
Log In

You Might Also Like...

Show Comments

Extras

Top Quizzes Today


Score Distribution

Your Account Isn't Verified!

In order to create a playlist on Sporcle, you need to verify the email address you used during registration. Go to your Sporcle Settings to finish the process.

Report this User

Report this user for behavior that violates our Community Guidelines.

Details: